000 00299nam a2200121Ia 4500
008 240731s9999 xx 000 0 und d
022 _a2332-2039
245 0 _aCogent Economics & Finance
260 _bCogent OA
856 _uhttps://www.tandfonline.com/loi/oaef20
942 _2ddc
942 _cTFEJ
999 _c75934
_d75934
945 _a1
_bMadushi Gamage
_c1
_dMadushi Gamage